Southville International School and Colleges
Your cart is empty.
  • Cart
  • Lists
    Public lists Eva Luna New books Lux_list list_1
    Your lists Log in to create your own lists
  • Log in to your account
  • Your cookies
  • Search history
Southville International School and Colleges
  • Advanced search
  • Recent comments
  • Most popular
  • Libraries

Log in to your account

Log in with GOOGLE


If you do not have an external account, but do have a local account, you can still log in:

  1. Home
  2. MARC view: Rules of engagement /
Normal view MARC view ISBD view

Rules of engagement / (Record no. 288539)

[ view plain ]
MARC details
000 -LEADER
fixed length control field 01018cam a22003253a 4500
001 - CONTROL NUMBER
control field 13771515
003 - CONTROL NUMBER IDENTIFIER
control field PILC
005 - DATE AND TIME OF LATEST TRANSACTION
control field 20150827142816.0
008 - FIXED-LENGTH DATA ELEMENTS--GENERAL INFORMATION
fixed length control field 040419s2004 nyu 000 1 eng d
010 ## - LIBRARY OF CONGRESS CONTROL NUMBER
LC control number 2004597425
020 ## - INTERNATIONAL STANDARD BOOK NUMBER
International Standard Book Number 0446614238 (pbk.)
035 ## - SYSTEM CONTROL NUMBER
System control number (OCoLC)ocm54976868
040 ## - CATALOGING SOURCE
Original cataloging agency HHO
Transcribing agency HHO
Modifying agency MR0
-- SVP
-- UKM
-- OCLCQ
-- DLC
042 ## - AUTHENTICATION CODE
Authentication code lccopycat
043 ## - GEOGRAPHIC AREA CODE
Geographic area code e-uk-en
050 00 - LIBRARY OF CONGRESS CALL NUMBER
Classification number PZ 7
Item number .C339 2004
100 1# - MAIN ENTRY--PERSONAL NAME
Personal name Caskie, Kathryn.
245 10 - TITLE STATEMENT
Title Rules of engagement /
Statement of responsibility, etc Kathryn Caskie.
260 ## - PUBLICATION, DISTRIBUTION, ETC. (IMPRINT)
Place of publication, distribution, etc New York :
Name of publisher, distributor, etc Warner Books,
Date of publication, distribution, etc 2004.
300 ## - PHYSICAL DESCRIPTION
Extent viii, 337 pages ;
Dimensions 18 cm.
500 ## - GENERAL NOTE
General note Includes excerpt from: Lady in waiting (p. [327]-337).
651 #0 - SUBJECT ADDED ENTRY--GEOGRAPHIC NAME
Geographic name England
Form subdivision Fiction.
655 #7 - INDEX TERM--GENRE/FORM
Genre/form data or focus term Regency fiction.
Source of term gsafd
655 #7 - INDEX TERM--GENRE/FORM
Genre/form data or focus term Love stories.
Source of term gsafd
655 #7 - INDEX TERM--GENRE/FORM
Genre/form data or focus term Historical fiction.
Source of term gsafd
710 2# - ADDED ENTRY--CORPORATE NAME
Corporate name or jurisdiction name as entry element Copyright Paperback Collection (Library of Congress)
Institution to which field applies DLC
906 ## - LOCAL DATA ELEMENT F, LDF (RLIN)
a 7
b cbc
c copycat
d 2
e ncip
f 20
g y-genrareb
942 ## - ADDED ENTRY ELEMENTS (KOHA)
Source of classification or shelving scheme Library of Congress Classification
Koha item type Books
Holdings
Withdrawn status Lost status Source of classification or shelving scheme Damaged status Home library Current library Shelving location Date acquired Source of acquisition Sub Shelving location Total Checkouts Total Renewals Full call number Barcode Date last seen Date checked out Price effective from Koha item type
    Library of Congress Classification   College Library College Library Fiction Section 08/27/2015 Donation   1 12 PZ 7 .C339 2004 C19847 05/08/2018 08/23/2017 08/27/2015 Books

Rules of engagement /

APA

Caskie K., Copyright Paperback Collection (Library of Congress), . (2004). Rules of engagement. New York: Warner Books.

Chicago

Caskie Kathryn, Copyright Paperback Collection (Library of Congress), . 2004. Rules of engagement. New York: Warner Books.

Harvard

Caskie K., Copyright Paperback Collection (Library of Congress), . (2004). Rules of engagement. New York: Warner Books.

MLA

Caskie Kathryn, Copyright Paperback Collection (Library of Congress), . Rules of engagement. New York: Warner Books. 2004.

  • Place hold
  • Print
  • Cite
  • Add to your cart (remove)
  • Save record
    BIBTEX Dublin Core MARCXML MARC (non-Unicode/MARC-8) MARC (Unicode/UTF-8) MARC (Unicode/UTF-8, Standard) MODS (XML) RIS
  • More searches
    Search for this title in:
    Other Libraries (WorldCat) Other Databases (Google Scholar) Online Stores (Bookfinder.com) Open Library (openlibrary.org)

Exporting to Dublin Core...

SOUTHVILLE LIBRARY

Southville International School and Colleges Library

1281 Tropical Ave. Cor. Luxembourg St., BF Homes International, Las Pinas City

Tel. No. 8256374 / 252358 Loc. 117/146

Powered by Koha